000 00557nam a2200169 i 4500
001 168355
003 ES-MaACL
005 20250819035452.0
008 080327s1839 sp |||| | spa d
245 0 1 _a[Profecía política].
260 _a[Madrid :
_bs.n.,
_c1839?]
300 _a16 p. ;
_c20 cm.
594 _aTítulo tomado de una anotación manuscrita al principio del texto, fecha del final del texto.
600 0 4 _aFernando
_bVII,
_cRey de España
_950206
852 4 _aES-MaACL
_jT-12-F-11
_z- Ejemp. falto de portada
999 _c168355
_d168355